000 00314nam a22001337a 4500
008 180127b xxu||||| |||| 00| 0 eng d
020 _a9780323007566
041 _aeng
080 _a610
100 _a4
101 _aSHM
245 _aMinor Emergencies: Splinters to Fractures
_cButtaravoli, P
942 _2udc
_cBK
999 _c41091
_d41091